The enemies of England (Record no. 552711)

000 -LEADER
fixed length control field 00737cam a2200157K 4500
082 ## - DEWEY DECIMAL CLASSIFICATION NUMBER
Classification number 942
Author Mark peel
-- D
100 1# - MAIN ENTRY--PERSONAL NAME
Personal name Peel, George,
9 (RLIN) 49971
245 14 - TITLE STATEMENT
Title The enemies of England
Statement of responsibility, etc. by the Hon. George Peel.
260 ## - PUBLICATION, DISTRIBUTION, ETC.
Place of publication, distribution, etc. London,
Name of publisher, distributor, etc. E. Arnold,
Date of publication, distribution, etc. 1903.
300 ## - PHYSICAL DESCRIPTION
Extent 1 online resource (x, 287, [1] p.)
505 0# - FORMATTED CONTENTS NOTE
Formatted contents note The enmity of Europe.--The influence of England.--The enmity of the Papacy.--The enmity of France.--The enmity of Spain.--The enmity of Holland.--The enmity of the Bourbons.--The enmity of the revolution.--The enmity of Russia.--The enmity of Germany.--Conclusion.
526 ## - STUDY PROGRAM INFORMATION NOTE
Program name 0
Interest level 0
Reading level 0
Title point value 942_000000000000000_PEE
650 ## - SUBJECT ADDED ENTRY--TOPICAL TERM
Topical term or geographic name entry element MCE
9 (RLIN) 379
856 40 - ELECTRONIC LOCATION AND ACCESS
Uniform Resource Identifier <a href="http://catalog.hathitrust.org/api/volumes/oclc/4156544.html">http://catalog.hathitrust.org/api/volumes/oclc/4156544.html</a>
942 ## - ADDED ENTRY ELEMENTS (KOHA)
Source of classification or shelving scheme
Koha item type Book
Holdings
Withdrawn status Lost status Source of classification or shelving scheme Damaged status Not for loan Permanent Location Current Location Shelving location Date acquired Total Checkouts Full call number Barcode Date last seen Price effective from Koha item type
          Military College of Engineering (MCE) Military College of Engineering (MCE)   01/21/2015   942 PEE MCE-ECS/37 01/21/2015 03/14/2021 Book
© 2023 Central Library, National University of Sciences and Technology. All Rights Reserved.